| 000 | 00850nam a22002657a 4500 | ||
|---|---|---|---|
| 001 | 4089 | ||
| 003 | FISKH | ||
| 005 | 20240606124128.0 | ||
| 008 | 240606b cb ||||| |||| 00| 0 eng d | ||
| 020 | _a9780545210133 | ||
| 040 |
_aFISKH _beng _cFISKH _dFISKH |
||
| 050 | _aPZ7.N8185 | ||
| 082 | _a813.6 | ||
| 100 | _aNorthrop Michael | ||
| 245 |
_aTrapped / _cMichael Northrop |
||
| 260 |
_aNew York : _bScholastic, _c2012 |
||
| 300 |
_a232 pages : _c21 cm |
||
| 505 | _aM | ||
| 520 | _aSeven high school students are stranded at their New England high school during a week-long blizzard that shuts down the power and heat, freezes the pipes, and leaves them wondering if they will survive. | ||
| 521 | 8 |
_a750
_bLexile |
|
| 521 | 8 |
_aM
_bRaz-Plus |
|
| 700 | _aMichael Northrop | ||
| 942 |
_2ddc _cBK _n0 |
||
| 999 |
_c4089 _d4089 |
||